000 01078nam a22003497a 4500
001 BR7705624
003 BR-BrBNA
005 20230928085452.0
007 ta
008 230509b bl.||||| |||| 00| 0 por d
040 _aBR-BrBNA
_bpor
_cBiblioteca Nacional de Agricultura
041 _a(Por)
072 _aA50; E10; E30
_b/G514
090 _ A50 BR7705624
100 1 _aQueiroz, E.A.
100 1 _aAmaral, A.L. do
110 1 _aComissao Estadual de Planejamento Agricola, Cuiaba, MT (Brasil)
_92045
245 1 _aEstrategia de acao - Agricultura 1975/79 [Mato Grosso, Brasil]
260 3 _aCuiaba, MT (Brasil):
_c1977.
300 _a23 p.
500 _a(*) Documento disponível no(a) Comissao Estadual de Planejamento Agricola, Cuiaba, MT (Brazil)
650 _aPLANEJAMENTO AGRICOLA
650 _aPRODUCAO ANIMAL
650 _aPRODUCAO VEGETAL
650 _aASSISTENCIA TECNICA
650 _aCREDITO RURAL
650 _aPESQUISA AGRICOLA
650 _aABASTECIMENTO
650 _aMATO GROSSO
909 _a202309
_bLucia
_c55
_dLucia Elande
942 _cBK
999 _c24594
_d24594